| 000 | 00456pab a2200157 454500 | ||
|---|---|---|---|
| 008 | 180718b2006 xxu||||| |||| 00| 0 eng d | ||
| 100 | _aSaxena, Chandni | ||
| 245 | _aEnvironmental awareness in ancient India (from Indus Valley Civilization to Buddhist age) | ||
| 260 | _c2006 | ||
| 300 | _ap.79-84. | ||
| 362 | _a20 Mar | ||
| 650 | _aEnvironmental awareness - India | ||
| 650 | _aEnvironmental awareness | ||
| 773 | _aUniversity News | ||
| 909 | _a69152 | ||
| 999 |
_c69152 _d69152 |
||